[Event "2022 Uganda Open Chess Championship"]
[Site "Kampala"]
[Date "2022.02.17"]
[Round "1"]
[Board "2"]
[White "Egesa, emmanuel"]
[Black "Kabengano, Joyce"]
[Result "1-0"]
[WhiteElo "2117"]
[BlackElo "1515"]
[PlyCount "63"]
[EventDate "2022.02.17"]
[EventRounds "8"]
[EventCountry "UGA"]

1. d4 c5 2. d5 d6 3. c4 e6 4. Nc3 Nf6 5. e4 Be7 6. f4 exd5 7. cxd5 O-O 8. e5
Ne8 9. Bd3 Nd7 10. Nf3 a6 11. a4 Nc7 12. O-O Rb8 13. Qe2 Nb6 14. a5 Nd7 15. Nd2
b5 16. Nde4 c4 17. Bc2 dxe5 18. d6 Bf6 19. dxc7 Qxc7 20. Nd5 Qd8 21. Ndxf6+
Nxf6 22. Nxf6+ Qxf6 23. fxe5 Qc6 24. Be4 Qc7 25. Bf4 Be6 26. Qh5 h6 27. Bxh6
gxh6 28. Qxh6 f6 29. Rf3 Rf7 30. exf6 Rh7 31. Bxh7+ Qxh7 32. f7+  1-0

[Event "2022 Uganda Open Chess Championship"]
[Site "Kampala"]
[Date "2022.02.17"]
[Round "1"]
[Board "3"]
[White "Nansubuga, Gloria"]
[Black "Kamoga, Rajab"]
[Result "0-1"]
[WhiteElo "1508"]
[BlackElo "2061"]
[PlyCount "32"]
[EventDate "2022.02.17"]
[EventRounds "8"]
[EventCountry "UGA"]

1. d4 Nf6 2. c4 e6 3. Nc3 Bb4 4. Bd2 d5 5. e3 O-O 6. Nf3 c5 7. a3 Bxc3 8. Bxc3
Ne4 9. Qc2 cxd4 10. Bxd4 Nc6 11. Bd3 f5 12. Bc3 Re8 13. O-O Bd7 14. Rad1 Rc8
15. cxd5 exd5 16. Bd4 Nxd4  0-1

[Event "2022 Uganda Open Chess Championship"]
[Site "Kampala"]
[Date "2022.02.17"]
[Round "1"]
[Board "5"]
[White "Irungu, Brian Mwangi"]
[Black "Nsubuga, Grace Daniel"]
[Result "1/2-1/2"]
[WhiteElo "1498"]
[BlackElo "2032"]
[PlyCount "91"]
[EventDate "2022.02.17"]
[EventRounds "8"]
[EventCountry "UGA"]

1. e4 c5 2. d4 cxd4 3. c3 dxc3 4. Nxc3 e6 5. Nf3 a6 6. Bc4 Bc5 7. O-O Ne7 8.
Bg5 f6 9. Bf4 Ng6 10. Bg3 b5 11. Bb3 Nc6 12. a3 O-O 13. Rc1 Qb6 14. Bd6 Bxd6
15. Qxd6 Rb8 16. Qg3 Nce5 17. Kh1 Bb7 18. h4 Nxf3 19. gxf3 Ne5 20. Rg1 Rf7 21.
f4 Nc4 22. f5 Rc8 23. fxe6 dxe6 24. f3 Nxb2 25. Ne2 Nc4 26. Nf4 Qd6 27. Rcd1
Qe5 28. Qg4 f5 29. Qg5 Qf6 30. Qxf6 Rxf6 31. Bxc4 bxc4 32. Nxe6 Rxe6 33. Rd7
Rg6 34. Rxg6 hxg6 35. Rxb7 fxe4 36. fxe4 c3 37. Rb1 Kf7 38. Kg2 Ke6 39. Kf3 Ke5
40. Ke3 c2 41. Rc1 Rc3+ 42. Kd2 Rxa3 43. Rxc2 Rh3 44. Rc6 Rxh4 45. Rxg6 Kxe4
46. Rxg7  1/2-1/2

[Event "2022 Uganda Open Chess Championship"]
[Site "Kampala"]
[Date "2022.02.17"]
[Round "1"]
[Board "6"]
[White "Mugisha, David"]
[Black "Tandeka, Shiloh"]
[Result "1-0"]
[WhiteElo "1958"]
[BlackElo "1490"]
[PlyCount "49"]
[EventDate "2022.02.17"]
[EventRounds "8"]
[EventCountry "UGA"]

1. d4 d5 2. c4 e6 3. Nf3 Nf6 4. a3 c5 5. e3 Nc6 6. b3 a5 7. Bb2 b6 8. Nbd2 Ba6
9. Bd3 dxc4 10. bxc4 Qc7 11. Qe2 Be7 12. O-O O-O 13. Ne5 Bd6 14. f4 Nd7 15. Qh5
g6 16. Qh3 Ncxe5 17. dxe5 Be7 18. Ne4 Rfd8 19. Rad1 Qc6 20. Nd6 Bxd6 21. exd6
e5 22. fxe5 Nf8 23. e6 fxe6 24. Bxg6 Nxg6 25. Qxe6#  1-0

[Event "2022 Uganda Open Chess Championship"]
[Site "Kampala"]
[Date "2022.02.17"]
[Round "1"]
[Board "7"]
[White "Lubega, Mike"]
[Black "Musasizi, Emmanuel"]
[Result "0-1"]
[WhiteElo "1486"]
[BlackElo "1935"]
[PlyCount "102"]
[EventDate "2022.02.17"]
[EventRounds "8"]
[EventCountry "UGA"]

1. e4 c5 2. Nc3 g6 3. Nge2 Bg7 4. g3 Nc6 5. Bg2 e6 6. d3 Nge7 7. O-O O-O 8. f4
d6 9. Be3 Nd4 10. Kh1 Rb8 11. a4 Bd7 12. Qd2 a6 13. a5 Nec6 14. g4 Nxa5 15. f5
Nac6 16. Bh6 f6 17. Bxg7 Kxg7 18. Nf4 Ne5 19. h3 Rh8 20. fxe6 Bxe6 21. Nxe6+
Nxe6 22. Nd5 Rf8 23. Rf2 Nd7 24. Raf1 b5 25. c3 a5 26. d4 cxd4 27. cxd4 Nb6 28.
Nxf6 Nc4 29. Qc3 Rc8 30. d5 Ne5 31. Qg3 Nc5 32. Nh5+ gxh5 33. Rxf8 Qxf8 34.
gxh5+ Kh8 35. Rxf8+ Rxf8 36. h6 Rf7 37. Qh4 Nb7 38. Qg5 b4 39. Qc1 Nc5 40. Qe1
Kg8 41. Qe2 Rf6 42. Qh5 Kf8 43. Qg5 Ke7 44. h4 Nf7 45. Qg7 Rxh6 46. e5 dxe5 47.
d6+ Rxd6 48. h5 a4 49. Qxh7 a3 50. bxa3 b3 51. Qb1 Rd4  0-1

[Event "2022 Uganda Open Chess Championship"]
[Site "Kampala"]
[Date "2022.02.17"]
[Round "1"]
[Board "9"]
[White "Katende, Hudson"]
[Black "Wagodo, Abdul Shakuru"]
[Result "0-1"]
[WhiteElo "1475"]
[BlackElo "1926"]
[PlyCount "56"]
[EventDate "2022.02.17"]
[EventRounds "8"]
[EventCountry "UGA"]

1. d4 Nf6 2. Nf3 e6 3. g3 d5 4. Bg2 Bd6 5. Nc3 c6 6. O-O O-O 7. b3 Re8 8. Re1
b5 9. a3 Bb7 10. Bb2 a5 11. Na2 Nbd7 12. Ne5 Bxe5 13. dxe5 Ng4 14. f4 Qb6+ 15.
Bd4 c5 16. Bf2 f6 17. exf6 Ndxf6 18. h3 Nxf2 19. Kxf2 d4 20. Bf3 e5 21. fxe5
Rxe5 22. Nc1 Re3 23. Nd3 Rae8 24. Qd2 Qc7 25. Nf4 g5 26. Ng2 Ne4+ 27. Bxe4
Qxg3+ 28. Kf1 Bxe4  0-1

[Event "2022 Uganda Open Chess Championship"]
[Site "Kampala"]
[Date "2022.02.17"]
[Round "1"]
[Board "10"]
[White "Jacob, Jok Matiop Athoch"]
[Black "Muhebwa, Shafik"]
[Result "0-1"]
[WhiteElo "1922"]
[BlackElo "1466"]
[PlyCount "100"]
[EventDate "2022.02.17"]
[EventRounds "8"]
[EventCountry "UGA"]

1. e4 e6 2. Nf3 d5 3. exd5 exd5 4. d4 c5 5. dxc5 Bxc5 6. Bb5+ Nc6 7. O-O a6 8.
Re1+ Nge7 9. Bd3 h6 10. b3 Bg4 11. Bb2 Nd4 12. Bxd4 Bxd4 13. Bb5+ axb5 14. Qxd4
Bxf3 15. gxf3 O-O 16. Nc3 Qd7 17. Qb4 Ng6 18. Nxb5 Rac8 19. Rac1 Qf5 20. Qg4
Qf6 21. a4 Ne5 22. Rxe5 Qxe5 23. Kf1 Qxh2 24. Nd4 Qh1+ 25. Qg1 Qxg1+ 26. Kxg1
Rfe8 27. Kf1 g6 28. Rd1 Re5 29. Rd2 Kg7 30. Nb5 h5 31. Nd6 Rc7 32. Kg2 Rd7 33.
Nb5 f6 34. f4 Re4 35. Nd4 Kh6 36. f5 g5 37. Kf3 h4 38. Ne6 g4+ 39. Kg2 b6 40.
a5 Rb4 41. axb6 Rxb6 42. Rd4 Kh5 43. Nf4+ Kg5 44. Nxd5 Rb5 45. Rxg4+ Kxg4 46.
Nxf6+ Kxf5 47. Nxd7 Ke6 48. Nf8+ Kf7 49. Nh7 Kg7 50. c4 Re5  0-1

[Event "2022 Uganda Open Chess Championship"]
[Site "Kampala"]
[Date "2022.02.17"]
[Round "1"]
[Board "11"]
[White "Mwebaza, Charity Mayanja"]
[Black "Mawanda, Michael"]
[Result "0-1"]
[WhiteElo "1450"]
[BlackElo "1883"]
[PlyCount "48"]
[EventDate "2022.02.17"]
[EventRounds "8"]
[EventCountry "UGA"]

1. e4 c5 2. c4 d6 3. Nf3 Nc6 4. d4 cxd4 5. Nxd4 Nf6 6. Nc3 g6 7. Be2 Bg7 8. Be3
O-O 9. O-O Bd7 10. f4 a5 11. b3 Nb4 12. a3 Na6 13. e5 Ne8 14. exd6 Nxd6 15. Bg4
e6 16. Bf3 Rb8 17. Ra2 Qe7 18. Ne4 Nf5 19. Nxf5 exf5 20. Rd2 Bc6 21. Ng3 Qxe3+
22. Kh1 Rfe8 23. Re1 Qxe1+ 24. Qxe1 Rxe1+  0-1

[Event "2022 Uganda Open Chess Championship"]
[Site "Kampala"]
[Date "2022.02.17"]
[Round "1"]
[Board "12"]
[White "Lamarque, Hugh"]
[Black "Nabacwa, Allen Kyolaba"]
[Result "1-0"]
[WhiteElo "1870"]
[BlackElo "1449"]
[PlyCount "103"]
[EventDate "2022.02.17"]
[EventRounds "8"]
[EventCountry "UGA"]

1. e4 c5 2. Nc3 Nc6 3. Bb5 Nd4 4. Nf3 a6 5. Bd3 e6 6. O-O Be7 7. b3 Nf6 8. e5
Nd5 9. Nxd5 exd5 10. Nxd4 cxd4 11. Bb2 Bc5 12. Qg4 O-O 13. Bxd4 d6 14. e6 Bxd4
15. exf7+ Rxf7 16. Qxd4 b5 17. Qxd5 Bb7 18. Bxh7+ Kf8 19. Qh5 Rf6 20. Bg6 Ke7
21. Rae1+ Kd7 22. Qh3+ Kc7 23. Qc3+ Kb6 24. Qd4+ Kc7 25. Be4 Qd7 26. Bxb7 Kxb7
27. Qe4+ Ka7 28. Qe7 Rd8 29. Re2 Rf7 30. Qxd7+ Rdxd7 31. Rfe1 Kb6 32. g3 Rc7
33. c3 a5 34. Re6 Kc6 35. Rg6 Rcd7 36. f4 b4 37. c4 Kc5 38. Rg5+ Kb6 39. Rb5+
Ka6 40. Re8 Ra7 41. Re6 Rf6 42. Rxf6 gxf6 43. Rd5 Rd7 44. c5 Kb5 45. cxd6+ Kb6
46. Kf2 Kc6 47. Rd3 Kb5 48. Kf3 Kc5 49. Ke4 Rxd6 50. Rxd6 Kxd6 51. f5 Kc5 52.
h4  1-0

[Event "2022 Uganda Open Chess Championship"]
[Site "Kampala"]
[Date "2022.02.17"]
[Round "1"]
[Board "13"]
[White "Ntume, Ivan"]
[Black "Abdullahi, Garba Haruna"]
[Result "1/2-1/2"]
[WhiteElo "1438"]
[BlackElo "1835"]
[PlyCount "93"]
[EventDate "2022.02.17"]
[EventRounds "8"]
[EventCountry "UGA"]

1. e4 e5 2. Nf3 Nc6 3. Bc4 Bc5 4. O-O Nf6 5. Nc3 O-O 6. d3 d6 7. h3 h6 8. a3 a5
9. Be3 Bxe3 10. fxe3 Ne7 11. Nh4 d5 12. exd5 Nexd5 13. Nxd5 Nxd5 14. Qe1 Nxe3
15. Qxe3 Qxh4 16. Qxe5 Bd7 17. Qxc7 Bc6 18. Bxf7+ Kh8 19. Qe5 Qd8 20. Bh5 Rg8
21. b3 a4 22. b4 Qb6+ 23. Kh1 Rad8 24. Bf3 Rde8 25. Qd6 Re2 26. Bxc6 Qxc6 27.
Qxc6 bxc6 28. Rac1 Rge8 29. Kg1 Kh7 30. Rf2 Re1+ 31. Rf1 R1e2 32. Rf2 Re1+ 33.
Rxe1 Rxe1+ 34. Rf1 Re2 35. Rc1 Kg6 36. Kf1 Rd2 37. c4 Rxd3 38. b5 cxb5 39. cxb5
Rxa3 40. b6 Rb3 41. Rc4 a3 42. Ra4 Rb1+ 43. Kf2 Rb2+ 44. Kf3 a2 45. b7 Rb3+ 46.
Kf4 Rxb7 47. Rxa2  1/2-1/2

[Event "2022 Uganda Open Chess Championship"]
[Site "Kampala"]
[Date "2022.02.17"]
[Round "1"]
[Board "14"]
[White "Kalugo, Goerge William"]
[Black "Semwanga, Richard"]
[Result "1-0"]
[WhiteElo "1835"]
[BlackElo "1436"]
[PlyCount "73"]
[EventDate "2022.02.17"]
[EventRounds "8"]
[EventCountry "UGA"]

1. d4 d5 2. e3 e6 3. f4 c5 4. c3 Nf6 5. Bd3 a6 6. Nd2 Nc6 7. Ngf3 b5 8. O-O Bb7
9. Ne5 cxd4 10. cxd4 Be7 11. Rf3 Nb4 12. Bb1 Rc8 13. a3 Nc6 14. Bd3 O-O 15. Rh3
h6 16. Qf3 Na5 17. Qg3 Kh8 18. Ng4 Nxg4 19. Qxg4 f5 20. Qg3 Nc4 21. Nf3 Bf6 22.
Ne5 Bxe5 23. fxe5 Qe7 24. Qe1 Kg8 25. b3 Nb6 26. Bd2 Qf7 27. Qg3 Kh8 28. Rf1
Kh7 29. Qh4 Rce8 30. e4 Qe7 31. Bg5 Qd7 32. exf5 exf5 33. Bxh6 Kg8 34. Bg5 Bc8
35. Qh7+ Kf7 36. Bxf5 Qc6 37. e6+  1-0

[Event "2022 Uganda Open Chess Championship"]
[Site "Kampala"]
[Date "2022.02.17"]
[Round "1"]
[Board "15"]
[White "Takali, Milly"]
[Black "Sanya, Derrick"]
[Result "0-1"]
[WhiteElo "1431"]
[BlackElo "1828"]
[PlyCount "80"]
[EventDate "2022.02.17"]
[EventRounds "8"]
[EventCountry "UGA"]

1. d4 Nf6 2. c4 c5 3. d5 e6 4. Nc3 exd5 5. cxd5 d6 6. e4 g6 7. Bf4 a6 8. a4 Bg7
9. Qd2 h6 10. h3 Qe7 11. Bd3 Nbd7 12. Nf3 Nh5 13. Be3 Ne5 14. Nxe5 Bxe5 15.
Bxh6 f6 16. Be3 g5 17. Ne2 Bd7 18. f4 gxf4 19. Bxf4 Nxf4 20. Nxf4 Qg7 21. Rf1
Qg3+ 22. Qf2 Bxf4 23. Qxg3 Bxg3+ 24. Kd2 Ke7 25. Ke3 Rag8 26. Rf3 Be5 27. g4
Bxb2 28. Rb1 Bd4+ 29. Kd2 b5 30. axb5 axb5 31. Bxb5 Rb8 32. Rfb3 Rxb5 33. Rxb5
Bxb5 34. Rxb5 Rxh3 35. Rb7+ Kf8 36. Rb8+ Kg7 37. Re8 Rg3 38. Re6 Be5 39. Re7+
Kg6 40. Re8 Kg5  0-1

[Event "2022 Uganda Open Chess Championship"]
[Site "Kampala"]
[Date "2022.02.17"]
[Round "1"]
[Board "16"]
[White "Benjamin, Chau Awar"]
[Black "Niragire, Brian"]
[Result "1-0"]
[WhiteElo "1824"]
[BlackElo "1429"]
[PlyCount "85"]
[EventDate "2022.02.17"]
[EventRounds "8"]
[EventCountry "UGA"]

1. e4 e5 2. Nf3 Nc6 3. Bc4 d6 4. h3 Be7 5. c3 Nf6 6. Qc2 h6 7. b4 a6 8. a4 Be6
9. Bxe6 fxe6 10. O-O O-O 11. Re1 Nh7 12. Qb3 Qd7 13. d4 exd4 14. Nxd4 Nxd4 15.
cxd4 d5 16. exd5 exd5 17. Nc3 c6 18. Be3 Rfe8 19. Rab1 Bg5 20. Qc2 Bxe3 21.
Rxe3 Rxe3 22. fxe3 Re8 23. Re1 b5 24. a5 Ng5 25. Qg6 Re6 26. Qf5 Qe7 27. Nd1
Qxb4 28. Rf1 Qe7 29. h4 Ne4 30. Rf3 g6 31. Qf4 Kg7 32. Nb2 Rf6 33. Qb8 Rxf3 34.
gxf3 Nc3 35. Kg2 Qxe3 36. Qc7+ Kf8 37. Qxc6 Qxd4 38. Qxa6 Qd2+ 39. Kh3 Qxb2 40.
Qf6+ Ke8 41. a6 Qa3 42. a7 Kd7 43. Qh8  1-0

[Event "2022 Uganda Open Chess Championship"]
[Site "Kampala"]
[Date "2022.02.17"]
[Round "1"]
[Board "18"]
[White "Were, Samuel"]
[Black "Mbaziira, Wasswa Sharif"]
[Result "1-0"]
[WhiteElo "1809"]
[BlackElo "1383"]
[PlyCount "59"]
[EventDate "2022.02.17"]
[EventRounds "8"]
[EventCountry "UGA"]

1. e4 e6 2. d4 d5 3. Nc3 Nf6 4. Bg5 Bb4 5. exd5 exd5 6. Bd3 O-O 7. Nge2 Bg4 8.
f3 Bxc3+ 9. bxc3 Bh5 10. O-O Nbd7 11. Nf4 c6 12. Nxh5 Re8 13. Nxf6+ Nxf6 14.
Qd2 Qd6 15. Bxf6 Qxf6 16. Rae1 h6 17. Re2 Kf8 18. Rfe1 Rxe2 19. Qxe2 Qd6 20.
Qe5 Qxe5 21. Rxe5 Re8 22. Rxe8+ Kxe8 23. c4 dxc4 24. Bxc4 Ke7 25. Kf2 f6 26.
Ke3 Kd6 27. c3 b6 28. Ke4 a5 29. a4 Ke7 30. Kf5  1-0

[Event "2022 Uganda Open Chess Championship"]
[Site "Kampala"]
[Date "2022.02.17"]
[Round "1"]
[Board "19"]
[White "Nabirye, Caroline"]
[Black "Mudangi, Isaac"]
[Result "1-0"]
[WhiteElo "1371"]
[BlackElo "1796"]
[PlyCount "41"]
[EventDate "2022.02.17"]
[EventRounds "8"]
[EventCountry "UGA"]

1. e4 e5 2. Nf3 Nc6 3. Bc4 Nf6 4. Nc3 Nxe4 5. Bxf7+ Kxf7 6. Nxe4 h6 7. h3 d5 8.
Nc3 e4 9. Nh2 Bd6 10. Qh5+ g6 11. Qxd5+ Be6 12. Qb5 Nd4 13. Qxb7 Nxc2+ 14. Kd1
Nxa1 15. Qxe4 Bf5 16. Qd5+ Kg7 17. d3 Bxh2 18. Rxh2 Bxd3 19. Qe5+ Kh7 20. Qf4
g5 21. Qf7#  1-0

[Event "2022 Uganda Open Chess Championship"]
[Site "Kampala"]
[Date "2022.02.17"]
[Round "1"]
[Board "20"]
[White "Katumba, Joshua"]
[Black "Nakiirya, Victoria"]
[Result "1-0"]
[WhiteElo "1795"]
[BlackElo "1345"]
[PlyCount "55"]
[EventDate "2022.02.17"]
[EventRounds "8"]
[EventCountry "UGA"]

1. e4 e5 2. Nf3 Nc6 3. Bb5 d6 4. O-O Nf6 5. d3 h6 6. c3 Bg4 7. Re1 Be7 8. Nbd2
O-O 9. Nf1 Bd7 10. Ng3 Re8 11. Ba4 a6 12. d4 exd4 13. cxd4 b5 14. Bc2 Bg4 15.
Be3 Qd7 16. Rc1 Nb4 17. Bb1 Nc6 18. h3 Bxf3 19. Qxf3 a5 20. e5 Nh7 21. Rxc6
dxe5 22. dxe5 Bg5 23. Bxh7+ Kxh7 24. Bxg5 hxg5 25. e6 fxe6 26. Qe4+ g6 27. Rcc1
Rac8 28. Rcd1  1-0

[Event "2022 Uganda Open Chess Championship"]
[Site "Kampala"]
[Date "2022.02.17"]
[Round "1"]
[Board "21"]
[White "Nakiyaga, Lilian"]
[Black "Mukose, Emmanuel"]
[Result "0-1"]
[WhiteElo "1344"]
[BlackElo "1770"]
[PlyCount "72"]
[EventDate "2022.02.17"]
[EventRounds "8"]
[EventCountry "UGA"]

1. e4 c5 2. Nc3 Nf6 3. Nf3 a6 4. Bc4 e6 5. a3 b5 6. Ba2 Bb7 7. d3 Be7 8. O-O d6
9. h3 Nbd7 10. Be3 Rc8 11. Qd2 Nb6 12. b4 c4 13. Bxb6 Qxb6 14. dxc4 bxc4 15.
Rfe1 O-O 16. Qd4 Qc6 17. Ng5 Rfd8 18. Nf3 Ne8 19. Rad1 Bf6 20. Qe3 h6 21. Nd2
d5 22. exd5 exd5 23. Qf3 Nd6 24. Ne2 Nb5 25. a4 Nd6 26. a5 Qb5 27. c3 d4 28.
Qg3 Nf5 29. Qf4 dxc3 30. Bxc4 Qc6 31. f3 cxd2 32. Rxd2 Rxd2 33. Bb3 Rxe2 34.
Rxe2 Nd4 35. Qe4 Qxe4 36. Rxe4 Nxb3  0-1

[Event "2022 Uganda Open Chess Championship"]
[Site "Kampala"]
[Date "2022.02.17"]
[Round "1"]
[Board "22"]
[White "Tamale, Innocent"]
[Black "Zuri, Tatiina"]
[Result "1-0"]
[WhiteElo "1762"]
[BlackElo "1324"]
[PlyCount "79"]
[EventDate "2022.02.17"]
[EventRounds "8"]
[EventCountry "UGA"]

1. e4 e5 2. Nf3 Nc6 3. Bc4 Bc5 4. O-O Nf6 5. b4 Bxb4 6. c3 Bc5 7. d4 exd4 8.
cxd4 Nxd4 9. Nxd4 Bxd4 10. Qxd4 d6 11. Bg5 h6 12. Bxf6 Qxf6 13. Qxf6 gxf6 14.
Nc3 Be6 15. Bd5 c6 16. Bb3 Rg8 17. Rfd1 Bxb3 18. axb3 O-O-O 19. Rxa7 Kb8 20.
Rda1 d5 21. exd5 cxd5 22. b4 Kc7 23. Nb5+ Kc6 24. Nd4+ Kb6 25. R7a5 Kc7 26. b5
b6 27. Ra7+ Kd6 28. Rxf7 Kc5 29. Ne6+ Kxb5 30. Rb1+ Kc4 31. Nxd8 Rxd8 32. Rxf6
d4 33. Kf1 d3 34. Rc6+ Kd5 35. Rcxb6 d2 36. Rd1 Kc4 37. Ke2 Rg8 38. Rxd2 Rxg2
39. Rc6+ Kb3 40. Rxh6  1-0

[Event "2022 Uganda Open Chess Championship"]
[Site "Kampala"]
[Date "2022.02.17"]
[Round "1"]
[Board "23"]
[White "Musavuli, Noe"]
[Black "Nyombi, Ibrahim Collins"]
[Result "0-1"]
[WhiteElo "1308"]
[BlackElo "1758"]
[PlyCount "70"]
[EventDate "2022.02.17"]
[EventRounds "8"]
[EventCountry "UGA"]

1. e4 c5 2. Nf3 g6 3. c3 Bg7 4. d4 cxd4 5. cxd4 Nc6 6. Bc4 d6 7. Nc3 Nf6 8. Qb3
O-O 9. Ng5 e6 10. Qd1 Qa5 11. h4 h5 12. f3 d5 13. Bb3 dxe4 14. O-O exf3 15.
Rxf3 Rd8 16. Be3 Ng4 17. Qf1 Nxe3 18. Rxe3 Rf8 19. Rf3 Bxd4+ 20. Kh1 Qc7 21.
Nb5 Qe7 22. Rd1 Bg7 23. Nd6 Ne5 24. Rf4 Bh6 25. Nde4 f5 26. Nd6 Bxg5 27. hxg5
Nf7 28. Rfd4 Nxd6 29. Rxd6 Re8 30. Qf4 b6 31. Qe5 Qxg5 32. Bxe6+ Bxe6 33. Rxe6
Red8 34. Red6 Rxd6 35. Qxd6 Rf8  0-1

[Event "2022 Uganda Open Chess Championship"]
[Site "Kampala"]
[Date "2022.02.17"]
[Round "1"]
[Board "25"]
[White "Nabaggala, Vanessa"]
[Black "Kikabi, Jeffrey"]
[Result "0-1"]
[WhiteElo "1239"]
[BlackElo "1738"]
[PlyCount "52"]
[EventDate "2022.02.17"]
[EventRounds "8"]
[EventCountry "UGA"]

1. e4 c5 2. Nf3 Nc6 3. Bc4 e6 4. Nc3 Na5 5. Be2 d5 6. exd5 exd5 7. Bb5+ Nc6 8.
Ne5 Qd6 9. Qe2 Be6 10. f4 Nge7 11. O-O a6 12. f5 Bc8 13. Bxc6+ bxc6 14. d3 h5
15. Na4 Ra7 16. Bf4 Qf6 17. Nxc5 Bxf5 18. d4 g5 19. Bd2 h4 20. Nxc6 Qxc6 21.
Rxf5 f6 22. Raf1 Bg7 23. a3 Kf7 24. Bb4 Nxf5 25. Rxf5 Qb5 26. Qxb5 axb5  0-1

[Event "2022 Uganda Open Chess Championship"]
[Site "Kampala"]
[Date "2022.02.17"]
[Round "1"]
[Board "26"]
[White "Kaamu, Joseph"]
[Black "Kawuma, Patricia"]
[Result "0-1"]
[WhiteElo "1714"]
[BlackElo "1198"]
[PlyCount "54"]
[EventDate "2022.02.17"]
[EventRounds "8"]
[EventCountry "UGA"]

1. e4 e5 2. Nf3 Nc6 3. Bb5 d6 4. O-O f5 5. Nc3 Nf6 6. Re1 Be7 7. d4 O-O 8. Bxc6
bxc6 9. dxe5 Ng4 10. h3 Nxe5 11. Nxe5 dxe5 12. Qe2 f4 13. f3 Bc5+ 14. Kh1 Be6
15. Nd1 Qh4 16. Nf2 Qxf2 17. Qxf2 Bxf2 18. Re2 Bb6 19. Bd2 Rfd8 20. Bc3 Bd4 21.
Ba5 Rac8 22. c3 Bb6 23. Bb4 Rd3 24. Be7 h6 25. h4 Kf7 26. Ba3 Rcd8 27. Bb4 Rd1+
 0-1

[Event "2022 Uganda Open Chess Championship"]
[Site "Kampala"]
[Date "2022.02.17"]
[Round "1"]
[Board "27"]
[White "Mwashe, Yvonne Adego"]
[Black "Mugagga, Allan"]
[Result "0-1"]
[WhiteElo "1043"]
[BlackElo "1712"]
[PlyCount "66"]
[EventDate "2022.02.17"]
[EventRounds "8"]
[EventCountry "UGA"]

1. e4 e5 2. Nf3 Nf6 3. Bc4 Nc6 4. d3 Bc5 5. Be3 Bxe3 6. fxe3 Ng4 7. Qe2 d6 8.
Nc3 Na5 9. Bb3 Nxb3 10. axb3 Be6 11. O-O O-O 12. d4 f6 13. d5 Bd7 14. h3 Nh6
15. Nb5 a6 16. Nc3 Qe8 17. Nh4 b6 18. b4 b5 19. Nf5 Nxf5 20. exf5 e4 21. Qg4
Qe5 22. Qxe4 Qxe4 23. Nxe4 Rae8 24. Ng3 Rxe3 25. Rf3 Rxf3 26. gxf3 Bc8 27. Rc1
Bb7 28. c4 c6 29. dxc6 Bxc6 30. cxb5 Bxb5 31. Rd1 Rd8 32. Ne4 Kf7 33. Nxd6+ Ke7
 0-1

[Event "2022 Uganda Open Chess Championship"]
[Site "Kampala"]
[Date "2022.02.17"]
[Round "1"]
[Board "35"]
[White "Majok, Bior Deng"]
[Black "Ampaire, Shakira"]
[Result "1-0"]
[WhiteElo "1991"]
[BlackElo "1661"]
[PlyCount "59"]
[EventDate "2022.02.17"]
[EventRounds "8"]
[EventCountry "UGA"]

1. e4 c5 2. d4 cxd4 3. c3 dxc3 4. Nxc3 e5 5. Bc4 Bb4 6. Bxf7+ Ke7 7. Bxg8 Qa5
8. Bb3 Bxc3+ 9. bxc3 Qxc3+ 10. Bd2 Qd4 11. Bg5+ Ke8 12. Qxd4 exd4 13. Rd1 Nc6
14. Nf3 Rf8 15. Nxd4 h6 16. Be3 b6 17. Nf5 g6 18. Nd6+ Ke7 19. Bxh6 Rh8 20.
Bg5+ Kf8 21. Nxc8 Rxc8 22. Rxd7 Rh5 23. h4 Ne5 24. Rd5 Nf7 25. O-O Nxg5 26.
hxg5 Ke7 27. Rfd1 Rc7 28. Re5+ Kf8 29. Rd8+ Kg7 30. f4  1-0

[Event "2022 Uganda Open Chess Championship"]
[Site "Kampala"]
[Date "2022.02.17"]
[Round "1"]
[Board "53"]
[White "Ndawula, Jonathan"]
[Black "Muwanga, Moses"]
[Result "0-1"]
[WhiteElo "1159"]
[BlackElo "1354"]
[PlyCount "29"]
[EventDate "2022.02.17"]
[EventRounds "8"]
[EventCountry "UGA"]

1. e4 e5 2. Nf3 Nc6 3. Bc4 Nf6 4. d3 Bc5 5. Bg5 h6 6. Bh4 d6 7. Nbd2 Bg4 8. c3
Ne7 9. Qb3 d5 10. Qb5+ Nd7 11. exd5 O-O 12. Nxe5 a6 13. Nxf7 axb5 14. Nxd8
Raxd8 15. Bb3  0-1

[Event "2022 Uganda Open Chess Championship"]
[Site "Kampala"]
[Date "2022.02.17"]
[Round "1"]
[Board "54"]
[White "Mutangana, William"]
[Black "Kalule, Caxton"]
[Result "0-1"]
[WhiteElo "1450"]
[BlackElo "1853"]
[PlyCount "70"]
[EventDate "2022.02.17"]
[EventRounds "8"]
[EventCountry "UGA"]

1. d4 Nc6 2. c4 e5 3. d5 Nce7 4. Nf3 Ng6 5. e4 Bc5 6. Be2 d6 7. a3 a5 8. Nc3
N8e7 9. Bd2 O-O 10. h3 h6 11. O-O f5 12. Nh2 f4 13. Bg4 Kh7 14. Bxc8 Rxc8 15.
Qg4 Ng8 16. Rab1 Nf6 17. Qe2 Qe8 18. b4 axb4 19. axb4 Bd4 20. Nb5 Bb6 21. Rfc1
Qe7 22. Nc3 c6 23. dxc6 bxc6 24. Na4 Bd4 25. Bc3 Ba7 26. Ba1 d5 27. cxd5 cxd5
28. exd5 Rxc1+ 29. Rxc1 Qxb4 30. Qa6 Bxf2+ 31. Kf1 Be3 32. Rd1 Ne4 33. Ke2 Ng3+
34. Kd3 Qb3+ 35. Nc3 e4#  0-1

[Event "2022 Uganda Open Chess Championship"]
[Site "Kampala"]
[Date "2022.02.17"]
[Round "2"]
[Board "1"]
[White "Kiberu, Peter Anthony"]
[Black "Egesa, emmanuel"]
[Result "0-1"]
[WhiteElo "1690"]
[BlackElo "2117"]
[PlyCount "56"]
[EventDate "2022.02.17"]
[EventRounds "8"]
[EventCountry "UGA"]

1. d4 {[%emt 0:00:00]} Nf6 2. c4 e6 3. Nc3 Bb4 4. e3 O-O 5. Nf3 b6 6. Be2 Bb7
7. O-O Bxc3 8. bxc3 Ne4 9. Bb2 d6 10. Bd3 f5 11. Qb3 Nc6 12. c5 Rf6 13. cxd6
cxd6 14. c4 Rg6 15. Qd1 Nb4 16. Bxe4 Bxe4 17. Bc3 Nc2 18. Rc1 Rxg2+ 19. Kxg2
Qg5+ 20. Kh1 Qg4 21. Rxc2 Bxf3+ 22. Qxf3 Qxf3+ 23. Kg1 Rf8 24. Rfc1 Rf6 25. c5
Qh3 26. f4 Rg6+ 27. Kf2 Rg2+ 28. Ke1 Qxe3+  0-1

[Event "2022 Uganda Open Chess Championship"]
[Site "Kampala"]
[Date "2022.02.17"]
[Round "2"]
[Board "2"]
[White "Kamoga, Rajab"]
[Black "Obita, Francis"]
[Result "1-0"]
[WhiteElo "2061"]
[BlackElo "1691"]
[PlyCount "43"]
[EventDate "2022.02.17"]
[EventRounds "8"]
[EventCountry "UGA"]

1. d4 Nf6 2. Nf3 d5 3. Bg5 e6 4. Nbd2 c5 5. e3 a6 6. c3 cxd4 7. exd4 Nbd7 8.
Bd3 Bd6 9. Qe2 Qb6 10. O-O Qxb2 11. Nc4 Bxh2+ 12. Kxh2 Qxe2 13. Nd6+ Ke7 14.
Nxc8+ Rhxc8 15. Bxe2 Rxc3 16. Rfb1 b5 17. a4 bxa4 18. Rxa4 a5 19. Rb7 Kd6 20.
Bf4+ Ke7 21. Ne5 Rc2 22. Nxd7  1-0